Loading...
| Social Science | 0 | 7 | 2 | 1 | 60 | 41 | 103.14 | 2 | 2 | 9.50 | 24.09 |
| Science - Physics | 0 | 6 | 2 | 0 | 50 | 76 | 118.83 | 0 | 0 | 3.72 | 15.27 |
| Science - Chemistry | 0 | 5 | 1 | 2 | 45 | 99 | 125.60 | 0 | 0 | 1.57 | 8.61 |
| History - World | 0 | 4 | 0 | 0 | 40 | 100 | 116.25 | 0 | 0 | 3.74 | 14.75 |
| History - European | 0 | 4 | 2 | 1 | 30 | 60 | 102.75 | 0 | 1 | 4.99 | 10.79 |
| Other Academic | 0 | 3 | 0 | 0 | 30 | 94 | 107.33 | 0 | 0 | 7.84 | 19.11 |
| Literature - World | 0 | 3 | 0 | 1 | 30 | 104 | 126.67 | 0 | 1 | 2.55 | 9.51 |
| Science - Other | 0 | 3 | 1 | 3 | 25 | 130 | 130.67 | 0 | 0 | 0.00 | 5.32 |
| Philosophy | 0 | 3 | 1 | 0 | 25 | 96 | 120.33 | 0 | 0 | 1.91 | 8.21 |
| History - American | 0 | 2 | 0 | 0 | 20 | 90 | 115.50 | 0 | 1 | 1.80 | 5.98 |
| Geography | 0 | 2 | 0 | 0 | 20 | 119 | 135.00 | 0 | 0 | 1.87 | 13.66 |
| Religion | 0 | 3 | 2 | 0 | 20 | 69 | 103.67 | 0 | 1 | 3.71 | 9.79 |
| Current Events | 0 | 2 | 2 | 0 | 10 | 100 | 106.00 | 0 | 0 | 3.51 | 11.88 |
| Fine Arts - Painting & Sculpture | 0 | 1 | 0 | 1 | 10 | 135 | 135.00 | 0 | 0 | 0.00 | 0.25 |
| History - Other | 0 | 1 | 0 | 0 | 10 | 105 | 105.00 | 0 | 0 | 1.24 | 3.92 |
| Literature - British | 0 | 1 | 0 | 1 | 10 | 147 | 147.00 | 0 | 0 | 0.00 | 0.25 |
| Science - Biology | 0 | 1 | 1 | 0 | 5 | 126 | 126.00 | 0 | 0 | -0.05 | 2.70 |
| Mythology | 0 | 1 | 2 | 0 | 0 | 123 | 123.00 | 0 | 0 | 1.52 | 7.89 |
| Literature - European | 0 | 0 | 0 | 0 | 0 | 0.00 | 0 | 0 | 0.00 | 0.00 | |
| Literature - American | 0 | 0 | 0 | 0 | 0 | 0.00 | 0 | 0 | 0.00 | 0.00 | |
| Fine Arts - Other | 0 | 0 | 0 | 0 | 0 | 0.00 | 0 | 0 | 0.00 | 0.00 | |
| Fine Arts - Classical Music | 0 | 0 | 1 | 0 | -5 | 0.00 | 0 | 0 | 0.00 | 0.00 |